000
00301 a2200133 4500
001
153619
040
_c
Escola São Tomás de Aquino
100
_a
DIAS, Vera
240
1
0
_a
O avô de Margareth
_l
por
245
1
0
_a
O avô de Margareth
362
0
_a
1997
697
_a
*LITERATURA JUVENIL
942
_c
BK
999
_c
153619
_d
153619